000 004310000a22001690004500
003 MACL
005 20151229141231.0
008 151229b xxu||||| |||| 00| 0 eng d
040 _aMACL
_cMACL
041 _aEnglish
082 _a188/HUT
100 _aHutchinson, William G
_923938
245 _aRenans Marcus Aurelius
260 _bThe Walter Scott publishing co Ltd
650 _aPhilosophy
_923939
942 _cBK
_k188/HUT
_2ddc
999 _c38150
_d38150